Florida Superlatives - Statistics

General Stats
  • This quiz has been taken 24 times
    21 since last reset
  • The average score is 11 of 14
Answer Stats
Hint Answer % Correct
Largest Lake Lake Okeechobee
100%
Most Visited Theme Park Magic Kingdom
100%
Largest Urban Area (main city) Miami
100%
Most Visited National Park Everglades
94%
Busiest Airport (2019) Orlando International Airport
94%
Oldest continuously inhabited settlement St. Augustine
94%
Largest City Proper Jacksonville
89%
Largest County (Population) Miami-Dade
89%
All-Time Lowest Recorded Temperature (°F) -2°F (Tallahassee)
78%
All-Time Highest Recorded Temperature (°F) 108°F (Monticello)
67%
Longest River St. Johns
56%
Largest four-year college or university (by total enrollment) University of Central Florida
56%
Largest County (Area) Monroe (total area) / Collier (land area)
44%
Highest Point (not counting human-built structures) Britton Hill
39%
No matching quizzes found
Score Distribution
Percent of People with Each Score
Percentile by Number Answered
Your Score History
You have not taken this quiz since the last reset